Responses for Show #5932 - Tuesday, June 1, 2010

Contestants

[<< previous game]

Cheryl Parrott, a biomedical writer from Frederick, Maryland

Shaun Desmond, a marketing consultant from Santa Monica, California

Cathy Melocik, an editor for a business school from Wilder, Vermont (whose 1-day cash winnings total $24,401)

[next game >>]

Jeopardy! Round responses

THE IMMUNE SYSTEM
ETCHED IN STONE
FOOD SCIENCE
BRUCE SPRINGSTEEN
THE BOSS
BORN TO "RUN"
    $200 2
(Cheryl: [Before signalling] What is [*]?)
...
(Alex: Remember, Cheryl, you have to ring in first.)
(Cheryl: I'm sorry.)
(Shaun: SPRINGSTEEN--)
(Alex: You can't just shout out responses.)
[Cheryl laughs]
(Cheryl: Sorry.)

cancer

Shaun
    $200 24
Shakespeare

Shaun
    $200 15
salt

Shaun
    $200 1
Elvis Presley

Cheryl
    $200 9
Cannes

Shaun
    $200 10
brunch

Cathy
    $400 5
viruses

Cheryl
    $400 25
Jefferson

Cathy
    $400 20
carbon

Cheryl
    $400 3
Born in the U.S.A.

Cathy
    $400 16
Texas hold 'em

Shaun
    $400 11
a run-on sentence

Cathy
    $600 6
tears

Cathy
    $600 26
hieroglyphics

Cathy
    $600 21
popcorn

Cathy
    $600 4
Newsweek & Time

Cheryl
    $600 17
Western Union

Cathy
    $600 12
disgruntled

Cathy
    $800 27
the U.S. Supreme Court

Cathy
    $800 22
yogurt

Cathy
    $800 7
Ringo Starr

Cathy
    $800 18
State Farm

Cathy
    $800 13
crunch

Shaun
    $1000 28
[The end-of-round signal sounds.]

Andrew Jackson

Cheryl
    $1,200 23
(Alex: Right you are, with a minute to go now.)

vinegar

Cathy
    $1000 8
Pete Seeger

Cathy
    $1000 19
Howard Hughes

Cathy
    $1000 14
a grunion

Cheryl

Scores at the first commercial break (after clue 16):

Cathy Shaun Cheryl
$4,000 $1,800 $2,200

Scores at the end of the Jeopardy! Round:

Cathy Shaun Cheryl
$10,800 $2,000 $3,600

Double Jeopardy! Round responses

THE NOVEL'S LAST LINE
THE GENGHIS KHAN FILM FESTIVAL
MOUNTAIN COUNTRY
(Alex: We'll give you the highest peak; you name the country.)
DREAMS OF FIELDS
WOULD-BE ASSASSINS
T-N-C
(Alex: Each correct response will have those 3 letters in that order.)
    $400 16
A Christmas Carol

Cathy
    $400 12
Keanu Reeves

Shaun
    $400 7
Turkey

Cathy
    $400 1
field marshal

Cathy
    $400 30
Hitler

Shaun
    $400 6
a tunic

Shaun
    $800 17
1984

Cathy
    $800 13
John Wayne

Cathy
    $800 8
New Zealand

Cheryl
    $800 2
W.C. Fields

Cheryl
    $800 29
Queen Victoria

Cheryl
    $800 22
a trench

Shaun
    $1200 18
On the Road

Triple Stumper
    $1,500 14
the Mongols

Cathy
    $1200 9
Canada

Triple Stumper
    $1200 3
Potter's field

Cathy
    $1200 28
Kaiser Wilhelm

Cheryl
    $1200 25
turbulence

Shaun
    $2,000 19
(Cathy: [Shakes head])
(Alex: And the other orphan was Ishmael and the book was [*].)

Moby-Dick

Cathy
    $1600 15
Omar Sharif

Cheryl
    $1600 10
(Cheryl: What is Kenya?)

Tanzania

ShaunCheryl
    $1600 4
Bosworth Field

Cheryl
    $1600 27
Larry Flynt

Cathy
    $1600 24
tincture

Cathy
    $2000 20
Slaughterhouse-Five

Cheryl
    $2000 21
The Golden Horde

Triple Stumper
    $2000 11
Argentina

Triple Stumper
    $2000 5
Flanders

Cathy
    $2000 26
FDR

Triple Stumper
    $2000 23
(Alex: Good with a minute to go.)

temperance

Cathy

Scores at the end of the Double Jeopardy! Round:

Cathy Shaun Cheryl
$21,500 $6,800 $10,800

[wagering suggestions for these scores]

Final Jeopardy! Round responses

THE U.S. MILITARY
ShaunWhat is the Army Corp of Engineers
$6,700
CherylWhat is the Army Corps of Engineers?
$3,000
CathyWhat is the Army Corps of Engineers?
$101
the Army Corps of Engineers

Final scores:

Cathy Shaun Cheryl
$21,601 $13,500 $13,800
2-day champion: $46,002 3rd place: $1,000 2nd place: $2,000

Game dynamics:

Coryat scores:

Cathy Shaun Cheryl
$23,000 $6,800 $10,800
27 R
(including 2 DDs),
1 W
(including 1 DD)
12 R,
0 W
13 R,
1 W

Combined Coryat: $40,600

[game clues] [game scores] [suggest correction]

Game tape date: 2010-02-10
The J! Archive is created by fans, for fans. Scraping, republication, monetization, and malicious use prohibited; this site may use cookies and collect identifying information. See terms. The Jeopardy! game show and all elements thereof, including but not limited to copyright and trademark thereto, are the property of Jeopardy Productions, Inc. and are protected under law. This website is not affiliated with, sponsored by, or operated by Jeopardy Productions, Inc. Join the discussion at JBoard.tv.